header

Secrecy in US foreign policy (Record no. 36570)

MARC details
000 -LEADER
fixed length control field 01776nam a2200421 a 4500
082 04 - DEWEY DECIMAL CLASSIFICATION NUMBER
Classification number 327.73051
100 1# - MAIN ENTRY--AUTHOR NAME
Personal name Komine, Yukinori.
245 10 - TITLE STATEMENT
Title Secrecy in US foreign policy
260 ## - PUBLICATION, DISTRIBUTION, ETC. (IMPRINT)
Place of publication Aldershot, England ;
-- Burlington, VT :
Name of publisher Ashgate Pub.,
Year of publication c2008.
300 ## - PHYSICAL DESCRIPTION
Number of Pages x, 287 p.
650 #0 - SUBJECT ADDED ENTRY--TOPICAL TERM
Topical Term Executive privilege (Government information)
Topical Term Official secrets
856 40 - ELECTRONIC LOCATION AND ACCESS
Uniform Resource Identifier http://site.ebrary.com/lib/rucke/Doc?id=10240620

No items available.

© 2026 Rongo University
Contact us: librarian | system librarian | Rongo university